| 000 | 00766nam a22002537a 4500 | ||
|---|---|---|---|
| 999 |
_c478368 _d478368 |
||
| 001 | 36987456 | ||
| 003 | NUST | ||
| 005 | 20180524041715.0 | ||
| 008 | 180524b ||||| |||| 00| 0 eng d | ||
| 020 | _a9789810761394 | ||
| 038 | _aArshad Iqbal | ||
| 082 |
_a808.042 _bSAY |
||
| 100 |
_a Sayce, Kay _910498 |
||
| 245 |
_aWhat not to write : _ba guide to the dos and don'ts of good English/ _cby Kay Sayce |
||
| 260 |
_aLondon: _bWords at work, _c2009 |
||
| 300 | _a144 p. | ||
| 650 |
_aReport writing _93246 |
||
| 650 |
_aEnglish language--Grammar _910499 |
||
| 650 |
_aEnglish language--Rhetoric _910500 |
||
| 650 |
_aEnglish language--Style _910501 |
||
| 650 |
_aGrammar, Comparative and general _910502 |
||
| 700 |
_aJoyce, Peter _910503 |
||
| 942 |
_2ddc _cBK |
||